| 000 | 01185cam a2200325 a 4500 | ||
|---|---|---|---|
| 001 | 000003158 | ||
| 005 | 20200929150340.0 | ||
| 008 | 971223s1996 mx b f001 0 spa | ||
| 020 | _a9682983231 | ||
| 040 |
_aDO-SdBNP _bspa _cBNPHU |
||
| 082 |
_a917.3 _bQ3p |
||
| 245 | 0 | 1 |
_a¿Qué país es éste? : _blos Estados Unidos y los gringos vistos por escritores mexicanos de los siglos XIX y XX / _cEmmanuel Carballo...[et al]. |
| 260 |
_aMéxico : _bConsejo Nacional para la Cultura y las Artes, _c1996. |
||
| 300 |
_a383 p. ; _c21 cm. |
||
| 490 | 1 | _aSello bermejo | |
| 651 | 4 |
_aEstados Unidos _xDescripciones Y Viajes _ySIGLO XIX Y XX _99973 |
|
| 700 | 1 |
_aPiccato, Pablo, _99974 |
|
| 700 | 1 |
_aPineda, Adela _99975 |
|
| 700 | 1 |
_aDuffey, Patrick _99976 |
|
| 700 | 1 |
_aMarentes, Luis Antonio _99977 |
|
| 700 | 1 |
_aGutiérrez, León Guillermo _99978 |
|
| 700 | 1 |
_aFernós, Patricia _99979 |
|
| 700 | 1 |
_aGonzález Pelayo, Irma _99980 |
|
| 700 | 1 |
_aBrauchli, Leticia M. _99981 |
|
| 700 | 1 |
_aMartín del Campo, Emma Molina _99982 |
|
| 700 | 1 |
_aChávez, Alba N. _99983 |
|
| 700 | 1 |
_aÍñiguez, Marco Octavio _99984 |
|
| 700 | 1 |
_aGrau-Llevería, Elena _99985 |
|
| 830 | 0 |
_aSello bermejo. _99986 |
|
| 999 |
_c2989 _d2989 |
||